LEADER 01447nam a2200301 a 4500 001 000000106436 003 CaOOAMICUS 005 20070723125841.0 008 070723s1997 gw 001 u ger d 020 $a3-16-146717-5 040 $aPUL$bita$dLDB 100 1 $aWalter, Nikolaus.$0(OLS)http://pul/name/21024 245 10$aPreparatio evangelica :$bStudien zur Umwelt, Exegese und Hermeneutik des Neunen Testaments /$cNikolaus Walter ; hrsg. von Wolfgang Kraus und Florian Wilk. 260 $aTübingen :$bMohr Siebeck,$cc1997. 300 $ax, 442 p. ;$c24 cm 490 1 $aWissenschaftliche Untersuchungen zum Neuen Testament ;$v098 500 $aInclude indici. 504 $aBibliografia : p. [405]-415. 630 04$aBiblia.$pN.T.$xStudio.$0(OLS)http://pul/subject/9390 700 1 $aKraus, Wolfgang.$0(OLS)http://pul/name/49316 700 1 $aWilk, Florian.$0(OLS)http://pul/name/30484 830 0$aWissenschaftliche Untersuchungen zum Neuen Testament ;$v098.$0(OLS)http://pul/title/8628 850 $aPUL 852 $aPUL$W1$xSL Religione 1$y3$m16 H 98$j119986$qStampati$B119508$CPULBib$Z2$F119508 $H89199 $82 941 1 $a8 996 $6020$a3-16-146717-5$9(OLS)http://pul/number/135279 996 $6245$aPreparatio evangelica :$bStudien zur Umwelt, Exegese und Hermeneutik des Neunen Testaments$9(OLS)http://pul/title/134043 996 $6260$aTübingen :$bMohr Siebeck$9(OLS)http://pul/publisher/52004 LEADER 01345nam a2200325 a 4500 001 000000124796 003 CaOOAMICUS 005 20110404113553.0 008 110324s2009 it u000 u ita r 020 $a978-88-420-7008-5 040 $aPUL$bita 082 04$a302.5 100 1 $aBauman, Zygmunt,$d1925-2017.$0(OLS)http://pul/name/31901 245 10$aIntervista sull'identità /$cZygmunt Bauman ; a cura di Benedetto Vecchi. 250 $aNona edizione 2009 260 $aRoma ; Bari :$bEditori Laterza,$c2009. 300 $ax, 126 p. ;$c18 cm 490 1 $aSaggi tascabili Laterza ;$v269 504 $aNote bibliografiche p. 125-[127]. 650 4$aPsicologia sociale.$0(OLS)http://pul/subject/4383 700 1 $aVecchi, Benedetto.$0(OLS)http://pul/name/78833 830 0$aSaggi tascabili Laterza ;$v269.$0(OLS)http://pul/title/33436 850 $aPUL 852 $aPUL$W1$xSL Diritto e Scienze Sociali 3$y79$m302. 5 BAUZY 4$j143707$qDDC 21$q $B142719$CPULBib$Z2$F142719 $H116540 $81 941 1 $a9 996 $6020$a978-88-420-7008-5$9(OLS)http://pul/number/146754 996 $6082$a302.5$9(OLS)http://pul/classification/410 996 $6245$aIntervista sull'identità$9(OLS)http://pul/title/157341 996 $6260$aRoma ; Bari :$bEditori Laterza$9(OLS)http://pul/publisher/61082 LEADER 01034nam a2200289 a 4500 001 000000131972 003 CaOOAMICUS 005 20121207103223.0 008 121207s1996 it u000 u ita r 020 $a88-06-14090-6 040 $aPUL$bita 100 1 $aFoa, Vittorio.$0(OLS)http://pul/name/82009 245 10$aQuesto Novecento /$cVittorio Foa. 260 $aTorino :$bEinaudi,$cİ1996. 300 $aX, 391 p. ;$c21 cm 490 1 $aStruzzi ;$v479 500 $aInclude indici. 651 4$aItalia$xStoria$ySec. XX.$0(OLS)http://pul/subject/6333 830 4$aGli Struzzi ;$v479.$0(OLS)http://pul/title/20020 850 $aPUL 852 $aPUL$W1$xDP1 Fondo E. Rossi$y115$m1 F 44$j152012$qFondi$B151240$CPULBib$Z2$F151240 $82 941 1 $a1 961 $aSul dorso collocazione ms. di E. Rossi: F 25 1 996 $6020$a88-06-14090-6$9(OLS)http://pul/number/151306 996 $6245$aQuesto Novecento$9(OLS)http://pul/title/166744 996 $6260$aTorino :$bEinaudi$9(OLS)http://pul/publisher/48130